000
00313nam a2200133Ia 4500
008
191206s9999 xx 000 0 und d
020
_a
7704015427
090
_a
PR91993L33D58
245
4
_a
The Diviners
260
_a
Bantam Books
260
_c
cc1975
300
_a
382 p. ; 25 cm.
999
_c
17048
_d
17048